<?xml version="1.0" encoding="UTF-8"?>
<collection xmlns="http://www.loc.gov/MARC21/slim">
  <record>
    <leader>00000nam  2200000   4500</leader>
    <controlfield tag="001">INLIS000000000010829</controlfield>
    <controlfield tag="005">20200929071919</controlfield>
    <datafield tag="035" ind1="#" ind2="#">
      <subfield code="a">0010-061300000010829</subfield>
    </datafield>
    <controlfield tag="008">200929################g##########0#ind##</controlfield>
    <datafield tag="041" ind1="#" ind2="#">
      <subfield code="a">Ind</subfield>
    </datafield>
    <datafield tag="082" ind1="#" ind2="#">
      <subfield code="a">305.844 81</subfield>
    </datafield>
    <datafield tag="090" ind1="#" ind2="#">
      <subfield code="a">305.844 81, keb k</subfield>
    </datafield>
    <datafield tag="245" ind1="1" ind2="#">
      <subfield code="a">keberadaan paguyuban-paguyuban etnis di daeraah perantauan dlm menunjang pembinaan persatuan dan kesatuan :</subfield>
      <subfield code="b">(kasus etnik Banjar dalam paguyuban kalam, di surabaya) /</subfield>
      <subfield code="c">Lindyastuti Setiawati ; Siti Maria</subfield>
    </datafield>
    <datafield tag="260" ind1="#" ind2="#">
      <subfield code="a">Jakarta :</subfield>
      <subfield code="b">Depdikbud,</subfield>
      <subfield code="c">1999</subfield>
    </datafield>
    <datafield tag="300" ind1="#" ind2="#">
      <subfield code="a">xiii, 92 hlm, hlm, ;</subfield>
      <subfield code="c">15 x 21 cm</subfield>
    </datafield>
    <datafield tag="700" ind1=" " ind2="#">
      <subfield code="a">Siti Maria</subfield>
    </datafield>
    <datafield tag="850" ind1="#" ind2="#">
      <subfield code="a">NBPNMAT</subfield>
    </datafield>
    <datafield tag="084" ind1="#" ind2="#">
      <subfield code="a">305.844 81 SET k</subfield>
    </datafield>
    <datafield tag="100" ind1=" " ind2="#">
      <subfield code="a">Setiawati, Lindyastuti</subfield>
    </datafield>
    <datafield tag="650" ind1="#" ind2="4">
      <subfield code="a">Kebudayaan banjar pada kelompok etnik</subfield>
    </datafield>
    <datafield tag="990" ind1="#" ind2="#">
      <subfield code="a">152.361/Hd-2000</subfield>
    </datafield>
    <datafield tag="990" ind1="#" ind2="#">
      <subfield code="a">152.362/Hd-2000</subfield>
    </datafield>
    <datafield tag="990" ind1="#" ind2="#">
      <subfield code="a">152.360/hd.2000</subfield>
    </datafield>
  </record>
</collection>
